Normal view
MARC view
- AMERICAN GOVERNMENT INSTITUTIONS AND POLICIES
Entry Topical Term
001 - CONTROL NUMBER
- control field: 64450
003 - CONTROL NUMBER IDENTIFIER
- control field: NUST
005 - DATE AND TIME OF LATEST TRANSACTION
- control field: 20210628203256.0
008 - FIXED-LENGTH DATA ELEMENTS
- fixed length control field: 210628|| aca||aabn | a|a d
040 ## - CATALOGING SOURCE
- Original cataloging agency: NUST
- Transcribing agency: NUST
150 ## - HEADING--TOPICAL TERM
- Topical term or geographic name entry element: AMERICAN GOVERNMENT INSTITUTIONS AND POLICIES
670 ## - SOURCE DATA FOUND
- Source citation: Work cat.: (NUST): Wilson, James Q 64449, American government,institutions and policies, 2007
